| 000 | 00431nam a22001457a 4500 | ||
|---|---|---|---|
| 082 |
_a624.18341 _bDES _cL-19,P-48 |
||
| 100 |
_aDeshpande, R.S _943353 |
||
| 245 |
_aReinforced Concrete _cR.S, Deshpande |
||
| 250 | _avolumn3. | ||
| 260 |
_aLondon _bV.Y. Jathar, B.Sc at the Karnatak Printing Works _c1948. |
||
| 300 |
_a367p.: _bill.; _c14 cm. |
||
| 526 |
_a0 _b0 _c0 _d624_183410000000000_DES |
||
| 650 |
_aMCE _9379 |
||
| 942 |
_2ddc _cBK |
||
| 999 |
_c547172 _d547172 |
||